Fallout 3 Quiz - Statistics

General Stats
  • This quiz has been taken 2,898 times
    1,957 since last reset
  • The average score is 50 of 77
Answer Stats
Hint Answer % Correct
Name of the company who made Fallout 3? Bethesda Softworks
96%
What is the name of the company who work the vaults? Vault-tec
95%
Number of the Vault you were born in? 101
92%
Luck
92%
Name all the attributes. Strength
92%
Perception
91%
What are your attributes called? S.P.E.C.I.A.L.
91%
Agility
90%
What is the currency for Fallout 3? Bottle Caps
90%
Charisma
90%
Endurance
90%
Intelligence
90%
What is the name of the special targeting system? V.A.T.S. system
90%
What is the name of the town with the bomb in the middle? Megaton
88%
What is the drink that's most popular in the wastes? Nuka-Cola
87%
How old are you when you escape the vault? 19
86%
List all different type of Karma. Good
85%
Bad
84%
What is the vault leader's offical title? Overseer
84%
What does the Overseer give you on your birthday? Pipboy 3000
81%
Neutral
80%
What is the name of the radio personality at Galaxy News Radio? Three Dog
80%
What is a ghoul called when it's lost all reason and conscience? Feral Ghoul
79%
What irradiated creatures have taken most of downtown D.C.? Super Mutants
79%
What is the name of your canine friend who you find at the Scrapyard? Dogmeat
78%
What is the name of the special test you take when you are 16? The G.O.A.T. test
78%
What is the upgrade version of that drink? Nuka-Cola Quantum
77%
Which group is trying to steal it? Enclave
75%
What is the name of the "ship" city? Rivet City
75%
What is the name of the talking tree? Harold
73%
In the Brotherhood of Steel, what are the people in the red clothing called? Scribes
72%
How many bobbleheads are there to collect? 20
71%
In a certain perk, what is the name of the man who appears in your VATS system? The Mysterious Stranger
70%
Big Guns
69%
Small Guns
68%
Where do you travel to blow up Megaton? Tenpenny Tower
68%
What is a ghoul called when it can burst radiation? A Glowing One
67%
Who is the leader of the Tunnel Snakes? Butch
67%
Lockpick
66%
Which group is trying to protect it? Brotherhood of Steel
64%
Who created a Repulic of his own? Dave
63%
Voice actor who voices him? Liam Neeson
63%
What is the name of the company who supply the robots? RobCo
63%
Speech
63%
Science
61%
What town is only inhabited by children? Little Lamplight
60%
Who is the Overseers daughter and your friend? Amata
59%
Name all the skills. Barter
58%
Who sends you out to complete the "Wasteland Survival Guide"? Moira Brown
58%
Melee Weapons
57%
Energy Weapons
56%
Name of your dad? James
56%
Sneak
55%
Explosives
53%
What is the name of the ONLY forested area in the wastes? Oasis
53%
Who is the man who has been broadcasting Enclave messages throughout the Wastes? John Henry Eden
52%
Who is the sheriff of Megaton? Lucas Simms
52%
Medicine
51%
Name of the mercenary company who frequently try to hunt you down? Talon Company
50%
Unarmed
50%
Name of the bar owner in Megaton? Colin Moriarty
49%
What is the name of the place where slavers operate? Paradise Falls
48%
What device was your dad trying to create? The G.E.C.K.
48%
Who is the Mayor? MacCready
47%
Where do most ghouls take refuge? Underworld
46%
Where are they located? The Citadel
45%
Who wishes to blow up Megaton? Mr. Burke
44%
Repair
44%
Where are they located? Raven Rock
42%
Which book is your mother's favourite passage from? Book of Revelation
37%
Who do you fight at the end? Colonel Autumn
37%
Number of the passage? 21:6
35%
What is the name of the new species growing on Harold? Bob
32%
What vault is it actually? 112
30%
What does Harold like to call him? Herbert
18%
What is the name of the place where slave refugee's operate? Temple of the Union
13%
Where do you end up finding your dad afterwards? Smith Casey's Garage
11%
No matching quizzes found
Score Distribution
Percent of People with Each Score
Percentile by Number Answered
Your Score History
You have not taken this quiz since the last reset